000 00555nam a2200193Ia 4500
001 15360
003 GE_BSU
008 181216s||||||||xx |||||||||||||| ||und||
040 _cGE_BSU
100 _aყუბუსიძე,ვაჟა
245 _aლექსები
245 _cრედ.ტ.მებურიშვილი.მხატვ.შ.ყუბუსიძე
260 _aთბილისი
260 _bმერანი
260 _c1981
300 _a86გვ.15სმ.
653 _aლექსები
942 _cBK
999 _c48466
_d48466